[Event "17ème open international de Saint-Affriq"]
[Site "Saint Affrique"]
[Date "2009.07.20"]
[Round "3.8"]
[White "Lagarde, Maxime"]
[Black "Prost, Frederic"]
[Result "1/2-1/2"]
[WhiteElo "2352"]
[BlackElo "2147"]
[PlyCount "260"]
[EventDate "2009.??.??"]

1. e4 c5 2. Nf3 g6 3. c3 d5 4. exd5 Qxd5 5. d4 Bg7 6. Be2 Nf6 7. O-O O-O 8. h3
cxd4 9. cxd4 Nc6 10. Nc3 Qd8 11. Be3 Nd5 12. Qd2 Nxe3 13. fxe3 a6 14. Rac1 Bf5
15. Kh1 Bh6 16. d5 Na7 17. Nd4 Bd7 18. Bc4 Nc8 19. Qf2 Nd6 20. Bb3 Rc8 21. Rce1
Bg7 22. e4 Nc4 23. Bxc4 Rxc4 24. e5 Qc8 25. Nf3 Qc5 26. Qe2 b5 27. Rd1 Bf5 28.
a3 Qc8 29. d6 exd6 30. Nd5 Qe6 31. Ne3 dxe5 32. Nxc4 Qxc4 33. Rfe1 e4 34. Qxc4
bxc4 35. Nd2 c3 36. bxc3 Bxc3 37. Re3 Bd4 38. Re2 Bc5 39. Nxe4 Bxa3 40. Ra1
Bxe4 41. Rxa3 Bd5 42. Rd2 Bc4 43. Rc3 Be6 44. Rc6 Ra8 45. Rdd6 a5 46. Ra6 Rxa6
47. Rxa6 h5 48. h4 Kg7 49. Rxa5 Bg4 50. Kh2 Be6 51. Kg3 Bb3 52. Kf4 Bc4 53. Ke5
Bb3 54. Rb5 Be6 55. Rb4 Bc8 56. Kd6 Be6 57. Rf4 Kf8 58. Rf6 Bg4 59. Rf2 Be6 60.
Rb2 Bc4 61. Rb8+ Kg7 62. Ke7 Be6 63. Rb6 Bd5 64. Rf6 Ba2 65. Rf4 Be6 66. g3 Ba2
67. g4 hxg4 68. Rxg4 Be6 69. Rg1 Bf5 70. h5 Kh6 71. Rh1 gxh5 72. Kf6 Bg6 73.
Rh4 Bd3 74. Rd4 Be2 75. Rd8 Kh7 76. Kxf7 Bg4 77. Kf6 Bf3 78. Re8 Bg4 79. Kg5
Kg7 80. Re7+ Kf8 81. Kf6 Bf3 82. Re1 Bg4 83. Kg6 Bd7 84. Kf6 Bg4 85. Re5 Kg8
86. Re8+ Kh7 87. Ra8 Bd1 88. Rd8 Bg4 89. Re8 Bd1 90. Kg5 Kg7 91. Re7+ Kf8 92.
Re1 Bg4 93. Kg6 Bd7 94. Kf6 Bg4 95. Re7 Kg8 96. Rf7 Bd1 97. Rg7+ Kh8 98. Kg6
Bc2+ 99. Kh6 Bb3 100. Rb7 Bg8 101. Rb4 Bd5 102. Kg6 Ba2 103. Rb5 Bc4 104. Rxh5+
Kg8 105. Kf6 Bb3 106. Rg5+ Kh7 107. Rg7+ Kh8 108. Rg3 Ba2 109. Ra3 Bd5 110. Ra5
Bc4 111. Kg6 Bd3+ 112. Kf7 Bc4+ 113. Kf6 Bb3 114. Rb5 Bc4 115. Rb4 Bd5 116. Kg6
Ba2 117. Rb7 Bd5 118. Rh7+ Kg8 119. Rg7+ Kh8 120. Rd7 Bb3 121. Rc7 Ba2 122. Rb7
Bd5 123. Rb8+ Bg8 124. Rb2 Bc4 125. Rh2+ Kg8 126. Kf6 Bd5 127. Re2 Bc4 128.
Re8+ Kh7 129. Re7+ Kh8 130. Re3 Ba2 1/2-1/2

[Event "17ème open international de Saint-Affriq"]
[Site "Saint Affrique"]
[Date "2009.07.20"]
[Round "3.9"]
[White "Aiglon, Laurent"]
[Black "Boudre, Jean-Pierre"]
[Result "0-1"]
[WhiteElo "2114"]
[BlackElo "2337"]
[PlyCount "82"]
[EventDate "2009.??.??"]

1. e4 e5 2. Nf3 Nc6 3. Bb5 Nf6 4. O-O Nxe4 5. Re1 Nd6 6. Nxe5 Be7 7. Ba4 Nxe5
8. Rxe5 O-O 9. Nc3 c6 10. Bb3 Bf6 11. Re1 Nf5 12. Ne4 d5 13. Ng3 Nxg3 14. hxg3
Re8 15. Rxe8+ Qxe8 16. d4 Qe4 17. c3 Bf5 18. Be3 Re8 19. Rc1 g6 20. Bc2 Qe6 21.
Bxf5 Qxf5 22. Qf3 Qxf3 23. gxf3 h5 24. Kg2 Kg7 25. Re1 Re6 26. f4 Bd8 27. Kf3
Re8 28. Rc1 Bf6 29. a3 Rd8 30. Rh1 Rh8 31. Rc1 Be7 32. c4 Rd8 33. c5 Bf6 34. b4
a6 35. a4 Re8 36. Ke2 Bxd4 37. Kd3 Bxe3 38. fxe3 Re4 39. Rf1 Rc4 40. f5 a5 41.
bxa5 Rxc5 0-1

[Event "17ème open international de Saint-Affriq"]
[Site "Saint Affrique"]
[Date "2009.07.20"]
[Round "3.10"]
[White "Manouck, Thierry"]
[Black "Chaplin, Erik"]
[Result "1-0"]
[WhiteElo "2337"]
[BlackElo "2141"]
[PlyCount "33"]
[EventDate "2009.??.??"]

1. c4 e5 2. g3 Nc6 3. Bg2 Bc5 4. Nc3 d6 5. d3 f5 6. e3 f4 7. d4 exd4 8. Bxc6+
bxc6 9. exd4 fxg3 10. hxg3 Bb4 11. Nge2 Bg4 12. Qd3 Qf6 13. Qe4+ Qe6 14. Qxc6+
Kf7 15. f3 Re8 16. O-O Bh3 17. Nf4 1-0

[Event "17ème open international de Saint-Affri"]
[Site "Saint Affrique"]
[Date "2009.07.20"]
[Round "3.11"]
[White "Garrido, Denis"]
[Black "Zschiedrich, Heiko"]
[Result "1-0"]
[WhiteElo "2321"]
[BlackElo "2132"]
[PlyCount "75"]
[EventDate "2009.??.??"]

1. d4 Nf6 2. c4 d6 3. Nc3 e5 4. Bg5 Nbd7 5. e3 c6 6. Bh4 Qb6 7. Qd2 Be7 8.
O-O-O O-O 9. Bd3 Re8 10. Nf3 exd4 11. exd4 d5 12. Rhe1 Qd8 13. cxd5 Nxd5 14.
Nxd5 cxd5 15. Bxe7 Rxe7 16. Qb4 Rxe1 17. Rxe1 Nf8 18. Qe7 Bg4 19. Qxd8 Rxd8 20.
Re7 Bxf3 21. gxf3 Rd7 22. Re8 g6 23. f4 f5 24. Bb5 Rd6 25. Re7 Ne6 26. Rxb7
Nxd4 27. Bd3 Ne6 28. Rxa7 Nxf4 29. Bb5 Nh3 30. a4 Nxf2 31. a5 d4 32. Rd7 Nd3+
33. Kd2 Rxd7 34. Bxd7 Nc5 35. Bc6 Nb3+ 36. Kd3 Nxa5 37. Bd5+ Kf8 38. b4 1-0

[Event "17ème open international de Saint-Affriq"]
[Site "Saint Affrique"]
[Date "2009.07.20"]
[Round "3.12"]
[White "Mohota, Nisha"]
[Black "Vanderbeeken, Mikael"]
[Result "1-0"]
[WhiteElo "2315"]
[BlackElo "2124"]
[Annotator ",Joelle"]
[PlyCount "63"]
[EventDate "2009.??.??"]

1. d4 e6 2. c4 Bb4+ 3. Nd2 f5 4. a3 Bxd2+ 5. Qxd2 Nf6 6. e3 O-O 7. Bd3 d6 8.
Qc2 c5 9. dxc5 dxc5 10. Bd2 Nc6 11. Bc3 Ng4 12. O-O-O Qc7 13. h3 Nge5 14. Be2
b6 15. f4 Nf7 16. g4 Nd6 17. Rxd6 Qxd6 18. Nf3 Bb7 19. Rg1 Rf7 20. Ng5 Raf8 21.
Nxf7 Rxf7 22. Bd3 Ne7 23. Rd1 Qc6 24. Be2 Qc7 25. Be5 Qc8 26. Rd6 Nc6 27. Qd2
h6 28. gxf5 exf5 29. Bh5 Re7 30. Qd5+ Kf8 31. Bg6 Rc7 {# Pas d'échappatoire.}
32. Rxc6 1-0

[Event "17ème open international de Saint-Affriq"]
[Site "Saint Affrique"]
[Date "2009.07.20"]
[Round "3.13"]
[White "Milesi, Laurent"]
[Black "Collas, Silvia"]
[Result "0-1"]
[WhiteElo "2091"]
[BlackElo "2315"]
[Annotator ",Joelle"]
[PlyCount "80"]
[EventDate "2009.??.??"]

1. b3 e5 2. Bb2 Nc6 3. e3 a6 4. c4 Nf6 5. a3 d5 6. cxd5 Nxd5 7. Qc2 Bd6 8. Nf3
Qe7 9. d3 O-O 10. Be2 Kh8 11. Nbd2 f5 12. O-O Bd7 13. b4 Rae8 14. g3 e4 15. Nh4
f4 16. Nxe4 fxe3 17. Bh5 exf2+ 18. Rxf2 Rxf2 19. Qxf2 Rf8 20. Qd2 Be5 21. Rf1
Rxf1+ 22. Kxf1 Bh3+ 23. Ke1 Nf6 24. Be2 Bxb2 25. Qxb2 Nxe4 26. dxe4 Qxe4 27.
Nf3 Qe3 28. b5 axb5 29. Qxb5 Qc3+ 30. Kf2 b6 31. Bc4 {#} Qxf3+ 32. Kxf3 Nd4+
33. Ke4 Nxb5 34. Bxb5 Kg8 35. Kd5 Bg2+ 36. Ke6 c6 37. Bc4 b5 38. Bb3 c5 39.
Kd6+ c4 40. Bc2 Bf1 0-1

[Event "17ème open international de Saint-Affriq"]
[Site "Saint Affrique"]
[Date "2009.07.20"]
[Round "4.1"]
[White "Collas, Silvia"]
[Black "Degraeve, Jean-Marc"]
[Result "0-1"]
[WhiteElo "2315"]
[BlackElo "2559"]
[PlyCount "78"]
[EventDate "2009.??.??"]

1. d4 Nf6 2. Nf3 c5 3. c4 cxd4 4. Nxd4 e5 5. Nb5 d5 6. cxd5 Bc5 7. e3 O-O 8.
N5c3 Qe7 9. Be2 e4 10. Nd2 Rd8 11. Qa4 Bb4 12. d6 Qxd6 13. O-O Bxc3 14. bxc3
Qe5 15. Nc4 Qc7 16. Ba3 Be6 17. Rfd1 Nd5 18. Rac1 Nc6 19. Bc5 Ne5 20. Bd4 Nxc4
21. Qxc4 Qxc4 22. Bxc4 Nxe3 23. fxe3 Bxc4 24. Rd2 b6 25. Rb2 Rd5 26. a4 Rc8 27.
Rb4 f6 28. Rc2 Ra5 29. Rcb2 Kf7 30. h3 Rc6 31. Rf2 Bd3 32. Rfb2 Ke6 33. Ra2 Kd7
34. Kh2 Kc7 35. g4 Kd7 36. Kg3 Ke6 37. Kf4 Rc8 38. Rbb2 h5 39. Rf2 h4 0-1

[Event "17ème open international de Saint-Affriq"]
[Site "Saint Affrique"]
[Date "2009.07.20"]
[Round "4.2"]
[White "Riff, Jean-Noel"]
[Black "Garrido, Denis"]
[Result "1-0"]
[WhiteElo "2505"]
[BlackElo "2321"]
[PlyCount "61"]
[EventDate "2009.??.??"]

1. e4 c5 2. Nf3 e6 3. d4 cxd4 4. Nxd4 Nf6 5. Nc3 d6 6. g4 a6 7. g5 Nfd7 8. Be3
b5 9. a3 Bb7 10. h4 Nc5 11. Qg4 Nbd7 12. h5 Rc8 13. Qg2 f5 14. gxf6 Nxf6 15. f3
Kf7 16. Rd1 Qa5 17. Qd2 Qc7 18. Bh3 Re8 19. Rg1 d5 20. b4 Na4 21. Nxa4 bxa4 22.
Nxe6 Rxe6 23. Bxe6+ Kxe6 24. Bd4 dxe4 25. h6 g6 26. Bxf6 Kxf6 27. Rg4 Bxh6 28.
Qxh6 Qc3+ 29. Rd2 e3 {# Une jolie conclusion.} 30. Rxg6+ Kf7 31. Rg7+ 1-0

[Event "17ème open international de Saint-Affriq"]
[Site "Saint Affrique"]
[Date "2009.07.20"]
[Round "4.3"]
[White "Karpatchev, Aleksandr"]
[Black "Mohota, Nisha"]
[Result "1/2-1/2"]
[WhiteElo "2491"]
[BlackElo "2315"]
[PlyCount "92"]
[EventDate "2009.??.??"]

1. e4 e5 2. Nf3 Nc6 3. Nc3 Nf6 4. a3 d5 5. Bb5 a6 6. Bxc6+ bxc6 7. Qe2 d4 8.
Nb1 Bd6 9. d3 h6 10. h3 a5 11. a4 Nd7 12. Nbd2 Nb6 13. Nf1 h5 14. Bd2 Qe7 15.
Ng3 g6 16. O-O h4 17. Nh1 f6 18. Nh2 g5 19. f3 Bb4 20. c3 Bc5 21. Nf2 Be6 22.
Rfc1 Kf7 23. b4 axb4 24. cxb4 Bxb4 25. Bxb4 Qxb4 26. Rxc6 Rxa4 27. Rxc7+ Kg6
28. Rxa4 Nxa4 29. f4 exf4 30. Nf3 Nc3 31. Qe1 Qb6 32. Re7 Ra8 33. Kh2 Ra2 34.
Rxe6 Qxe6 35. Nxd4 Qe5 36. Nf3 Qc7 37. Ng4 Ne2 38. Qb1 Rc2 39. Qb3 Kg7 40. e5
fxe5 41. Qe6 Rc6 42. Qf5 Ng3 43. Qxg5+ Rg6 44. Qxh4 Nf1+ 45. Kg1 Ng3 46. Kh2
Nf1+ 1/2-1/2

[Event "17ème open international de Saint-Affriq"]
[Site "Saint Affrique"]
[Date "2009.07.20"]
[Round "4.4"]
[White "Sanchez, Nicolas"]
[Black "Flear, Glenn C"]
[Result "0-1"]
[WhiteElo "2205"]
[BlackElo "2490"]
[PlyCount "122"]
[EventDate "2009.??.??"]

1. d4 d5 2. c4 c6 3. Nc3 Nf6 4. Nf3 e6 5. Bg5 Nbd7 6. cxd5 exd5 7. e3 Be7 8.
Bd3 O-O 9. h3 Re8 10. Qc2 Nf8 11. O-O Be6 12. Rab1 N6d7 13. Bf4 a5 14. Rfe1 Nb6
15. Na4 Nxa4 16. Qxa4 f6 17. a3 Bf7 18. Nd2 Qd7 19. Rbd1 Bg6 20. e4 Ne6 21. Be3
Kh8 22. Qb3 a4 23. Qa2 Nc7 24. Qb1 dxe4 25. Nxe4 b6 26. Bf4 Nd5 27. Bg3 Bf8 28.
Qc2 Re6 29. Nc3 Bxd3 30. Qxd3 Nxc3 31. Qxc3 Rae8 32. Rxe6 Qxe6 33. Rc1 c5 34.
dxc5 Bxc5 35. Qc4 Qd7 36. b4 axb3 37. Qxb3 Qd2 38. Rd1 Re1+ 39. Rxe1 Qxe1+ 40.
Kh2 Bxf2 41. Bxf2 Qxf2 42. Qb4 h6 43. a4 Qe3 44. Kh1 h5 45. Qc4 Kh7 46. Qc2+
Kh6 47. Qc6 Qe1+ 48. Kh2 Qe5+ 49. Kg1 Qa1+ 50. Kf2 Qd4+ 51. Kf3 h4 52. Qe4
Qxe4+ 53. Kxe4 g5 54. Kd5 f5 55. Kc6 g4 56. Kxb6 f4 57. a5 f3 58. gxf3 g3 59.
a6 g2 60. a7 g1=Q+ 61. Kb7 Qb1+ 0-1

[Event "17ème open international de Saint-Affriq"]
[Site "Saint Affrique"]
[Date "2009.07.20"]
[Round "4.5"]
[White "Petkov, Vladimir"]
[Black "Bissieres, Matthieu"]
[Result "1-0"]
[WhiteElo "2429"]
[BlackElo "2300"]
[PlyCount "55"]
[EventDate "2009.??.??"]

1. d4 Nf6 2. c4 g6 3. Nc3 Bg7 4. e4 d6 5. Nf3 O-O 6. h3 Nbd7 7. Bg5 e5 8. d5 a5
9. Bd3 Nc5 10. Bc2 h6 11. Be3 Nh5 12. Qd2 Nf4 13. Rh2 Qf6 14. Ng1 g5 15. g3 Ng6
16. O-O-O Bd7 17. Nge2 Qe7 18. h4 f6 19. Kb1 Bg4 20. Rf1 gxh4 21. f3 Bd7 22.
gxh4 f5 23. exf5 Nxh4 24. Bxh6 Nxf5 25. Bxg7 Nxg7 26. Rg1 Bf5 27. Bxf5 Rxf5 28.
Qh6 1-0

[Event "17ème open international de Saint-Affriq"]
[Site "Saint Affrique"]
[Date "2009.07.20"]
[Round "4.7"]
[White "Boudre, Jean-Pierre"]
[Black "Mancini, Mario"]
[Result "1-0"]
[WhiteElo "2337"]
[BlackElo "2269"]
[PlyCount "79"]
[EventDate "2009.??.??"]

1. e4 e5 2. Nf3 Nc6 3. Bb5 a6 4. Ba4 d6 5. O-O Bd7 6. d4 Nf6 7. Bxc6 Bxc6 8.
Re1 Be7 9. Nc3 exd4 10. Nxd4 Bd7 11. b3 O-O 12. Bb2 Re8 13. Qd2 Bf8 14. f3 c6
15. Nd1 Qe7 16. Ne3 Red8 17. Ndf5 Qe6 18. c4 Ne8 19. Rad1 f6 20. Ba3 Bc8 21.
Qa5 Rd7 22. g4 g6 23. Nd4 Qe5 24. Qd2 Rd8 25. Bb2 Qe7 26. Kg2 Be6 27. Bc3 Bf7
28. Ba5 Nc7 29. h4 Rd7 30. h5 Bg7 31. hxg6 hxg6 32. Bc3 Re8 33. g5 fxg5 34.
Ndf5 gxf5 35. Nxf5 Qd8 36. Nxg7 Rf8 37. Nf5 d5 38. Qd4 Be6 39. Qh8+ Kf7 40.
Qh5+ 1-0

[Event "17ème open international de Saint-Affriq"]
[Site "Saint Affrique"]
[Date "2009.07.20"]
[Round "4.9"]
[White "Marzolf, Bruno"]
[Black "Bujisho, Benjamin"]
[Result "0-1"]
[WhiteElo "2246"]
[BlackElo "2404"]
[PlyCount "94"]
[EventDate "2009.??.??"]

1. e4 c5 2. Nf3 a6 3. Nc3 d6 4. d4 cxd4 5. Nxd4 Nf6 6. a4 g6 7. Be2 Bg7 8. O-O
O-O 9. Bg5 Nc6 10. Nb3 Be6 11. f4 Rc8 12. Kh1 Nb4 13. Bf3 Nd7 14. a5 Nc5 15.
Nxc5 Rxc5 16. e5 d5 17. Rf2 f6 18. exf6 exf6 19. f5 fxg5 20. fxe6 g4 21. e7
Qxe7 22. Nxd5 Qh4 23. g3 Qg5 24. Nxb4 gxf3 25. Rxf3 Rd8 26. Qe2 Rxa5 27. Qe6+
Kh8 28. Rxa5 Qxa5 29. Qe7 Rg8 30. c3 Qa1+ 31. Kg2 Qxb2+ 32. Rf2 Qxc3 33. Qxb7
a5 34. Nd5 Qc8 35. Qb5 Qe6 36. Re2 Qf5 37. Re8 Rxe8 38. Qxe8+ Bf8 39. Nf4 Kg8
40. h4 Qf7 41. Qa8 Qa2+ 42. Kh3 a4 43. Nd5 Qa1 44. Ne7+ Kf7 45. Nc6 Qh1+ 46.
Kg4 Qe4+ 47. Kh3 Kg8 0-1

[Event "17ème open international de Saint-Affriq"]
[Site "Saint Affrique"]
[Date "2009.07.20"]
[Round "4.10"]
[White "Delorme, Laurie"]
[Black "Lagarde, Maxime"]
[Result "1/2-1/2"]
[WhiteElo "2152"]
[BlackElo "2352"]
[PlyCount "98"]
[EventDate "2009.??.??"]

1. d4 Nf6 2. c4 g6 3. Nf3 Bg7 4. Nc3 d5 5. Qb3 dxc4 6. Qxc4 O-O 7. e4 a6 8. e5
b5 9. Qb3 Ng4 10. h3 Nh6 11. Bd3 Bb7 12. Be4 Bxe4 13. Nxe4 Nf5 14. Be3 Nc6 15.
Qc3 Qd5 16. Nc5 Rfd8 17. Rd1 Nxe5 18. Nxe5 Bxe5 19. O-O Nxd4 20. Kh1 Bg7 21.
Rd2 e5 22. b4 Rd6 23. Rfd1 Qc4 24. Qxc4 bxc4 25. Rc1 Nf5 26. Ne4 Rc6 27. Rdc2
Nxe3 28. fxe3 f5 29. Nd2 Rd8 30. Nxc4 e4 31. Kg1 Rd3 32. Kf2 Kf8 33. Ke2 Ke8
34. g4 f4 35. exf4 Rxh3 36. Nd2 Rxc2 37. Rxc2 Bd4 38. Rxc7 Rh2+ 39. Kd1 Rh1+
40. Ke2 Rh2+ 41. Kd1 h5 42. gxh5 gxh5 43. Nxe4 Rxa2 44. Rh7 Rh2 45. f5 Kf8 46.
f6 Rh4 47. Ng5 Bxf6 48. Rf7+ Kg8 49. Rxf6 Rxb4 1/2-1/2

[Event "17ème open international de Saint-Affriq"]
[Site "Saint Affrique"]
[Date "2009.07.20"]
[Round "4.11"]
[White "Laclau, Daniel"]
[Black "Muratet, Lucas"]
[Result "1/2-1/2"]
[WhiteElo "2296"]
[BlackElo "1970"]
[PlyCount "46"]
[EventDate "2009.??.??"]

1. d4 Nf6 2. Nf3 c5 3. d5 e6 4. c4 exd5 5. cxd5 d6 6. Nc3 g6 7. e4 Bg7 8. Bd3
O-O 9. h3 b5 10. Nxb5 Nxe4 11. O-O Nf6 12. Bf4 Ne8 13. Qd2 Na6 14. Rfe1 Nac7
15. Rab1 Nxb5 16. Bxb5 Bd7 17. Bxd7 Qxd7 18. b4 cxb4 19. Qxb4 Rc8 20. Qb7 Rc7
21. Qa6 Qf5 22. Be3 Qxd5 23. Bxa7 Qa8 1/2-1/2

[Event "17ème open international de Saint-Affriq"]
[Site "Saint Affrique"]
[Date "2009.07.20"]
[Round "4.12"]
[White "Van Elst, Andreas"]
[Black "Bourges, Jerome"]
[Result "1/2-1/2"]
[WhiteElo "2288"]
[BlackElo "2078"]
[PlyCount "133"]
[EventDate "2009.??.??"]

1. d4 e6 2. c4 f5 3. Nf3 Nf6 4. e3 b6 5. Bd3 Bb7 6. O-O Be7 7. Nbd2 Ne4 8. Qc2
d5 9. cxd5 exd5 10. Ne5 O-O 11. f3 Nd6 12. b4 c6 13. Bb2 a5 14. bxa5 Rxa5 15.
e4 g6 16. a4 Bg5 17. Bc3 Ra7 18. exd5 cxd5 19. Rfb1 Nc6 20. Nxc6 Bxc6 21. Nf1
Qc7 22. Be1 Bf6 23. Bf2 Rc8 24. Qb3 Qd7 25. Qxb6 Rxa4 26. Rxa4 Bxa4 27. Ra1 Bc6
28. Ra7 Qd8 29. Qa6 Rc7 30. Nd2 Rxa7 31. Qxa7 Qd7 32. Qa3 Nb5 33. Qb2 Nd6 34.
Nb3 Qa7 35. Nc5 Kg7 36. h3 Qxc5 37. dxc5 Bxb2 38. cxd6 Be5 39. Bc5 Kf7 40. g4
fxg4 41. fxg4 Ke6 42. Kf2 Bxd6 43. Bd4 Be5 44. Ke3 Bxd4+ 45. Kxd4 Ba4 46. Be2
g5 47. Bf3 Bb3 48. Bg2 Bc4 49. Bf3 h6 50. Bg2 Kd6 51. Bf3 Bf1 52. Bxd5 Bxh3 53.
Bf3 Bf1 54. Bd1 Ke6 55. Bf3 Kf6 56. Bd1 Kg6 57. Ke3 Bc4 58. Kf2 Bf7 59. Kg3 Kf6
60. Bf3 Ke5 61. Bd1 Bg6 62. Bf3 Kd4 63. Bb7 h5 64. gxh5 Bxh5 65. Ba8 Ke3 66.
Bb7 Be2 67. Bc6 1/2-1/2

[Event "17ème open international de Saint-Affriq"]
[Site "Saint Affrique"]
[Date "2009.07.20"]
[Round "4.15"]
[White "Villegas, Pierre"]
[Black "Haussernot, Cecile"]
[Result "1-0"]
[WhiteElo "2202"]
[BlackElo "1995"]
[PlyCount "73"]
[EventDate "2009.??.??"]

1. d4 Nf6 2. c4 c5 3. d5 b5 4. Qc2 bxc4 5. e4 d6 6. Bxc4 g6 7. Nf3 Bg7 8. O-O
O-O 9. Nbd2 Ne8 10. Rb1 e5 11. b4 cxb4 12. Rxb4 a5 13. Rb1 Ba6 14. Ba3 Nd7 15.
Qd3 Bxc4 16. Nxc4 f5 17. Nfd2 Rf6 18. f3 f4 19. Rb5 a4 20. Rfb1 Bf8 21. Qc2 Nc7
22. R5b4 Nc5 23. Nb6 Ra7 24. Nxa4 Qe8 25. Nxc5 dxc5 26. Rb8 Rxa3 27. Rxe8 Nxe8
28. Nc4 Ra8 29. a4 Rfa6 30. a5 Nd6 31. Rb6 Nxc4 32. Rxa6 Rxa6 33. Qxc4 Rxa5 34.
d6+ Kg7 35. d7 Ra8 36. Qe6 Rd8 37. Qe8 1-0

[Event "17ème open international de Saint-Affriq"]
[Site "Saint Affrique"]
[Date "2009.07.21"]
[Round "5.1"]
[White "Degraeve, Jean-Marc"]
[Black "Petkov, Vladimir"]
[Result "0-1"]
[WhiteElo "2559"]
[BlackElo "2429"]
[PlyCount "60"]
[EventDate "2009.??.??"]

1. e4 e5 2. Nf3 Nc6 3. Bc4 Bc5 4. b4 Bxb4 5. c3 Be7 6. d4 Na5 7. Be2 exd4 8.
Qxd4 Nf6 9. e5 Nc6 10. Qh4 Nd5 11. Qg3 g6 12. O-O Nb6 13. Bh6 d5 14. Nbd2 Be6
15. Rfd1 Qd7 16. Ne4 O-O-O 17. Bg7 Rhg8 18. Nf6 Bxf6 19. Bxf6 Rde8 20. c4 g5
21. Rac1 d4 22. Nd2 Bf5 23. Nb3 Na4 24. c5 a6 25. Rc4 d3 26. Bg4 Bxg4 27. Rxd3
Qe6 28. Rxa4 Qxf6 29. Qxg4+ Qe6 30. h4 Qxg4 0-1

[Event "17ème open international de Saint-Affriq"]
[Site "Saint Affrique"]
[Date "2009.07.21"]
[Round "5.2"]
[White "Saada, Julien"]
[Black "Riff, Jean-Noel"]
[Result "1/2-1/2"]
[WhiteElo "2289"]
[BlackElo "2505"]
[PlyCount "73"]
[EventDate "2009.??.??"]

1. d4 e6 2. Nf3 Nf6 3. Bg5 h6 4. Bh4 c5 5. e3 cxd4 6. exd4 b6 7. Bd3 Bb7 8. O-O
Be7 9. Nbd2 Nd5 10. Bxe7 Qxe7 11. Re1 O-O 12. g3 Nf6 13. Qe2 Nc6 14. c3 Rac8
15. Nc4 d6 16. a4 Qc7 17. Na3 Rcd8 18. Nd2 e5 19. Ne4 Nxe4 20. Bxe4 exd4 21.
Nb5 Qd7 22. Nxd4 Nxd4 23. cxd4 Rde8 24. Qd3 Bxe4 25. Rxe4 Qf5 26. Re3 Qxd3 27.
Rxd3 Re2 28. Rc1 Rxb2 29. Rc7 a5 30. Rd7 Rb4 31. Rxd6 Rb8 32. Rc6 Rxa4 33. d5
Re4 34. d6 Ree8 35. Rb3 b5 36. Rc5 Red8 37. Rbxb5 1/2-1/2

[Event "17ème open international de Saint-Affriq"]
[Site "Saint Affrique"]
[Date "2009.07.21"]
[Round "5.3"]
[White "Flear, Glenn C"]
[Black "Boudre, Jean-Pierre"]
[Result "1-0"]
[WhiteElo "2490"]
[BlackElo "2337"]
[PlyCount "83"]
[EventDate "2009.??.??"]

1. d4 Nf6 2. c4 e6 3. Nc3 Bb4 4. Qc2 O-O 5. a3 Bxc3+ 6. Qxc3 d5 7. e3 b6 8. b3
Bb7 9. Bb2 Nbd7 10. Nf3 c5 11. dxc5 Nxc5 12. Rd1 Qe7 13. Be2 Rac8 14. O-O Rfd8
15. Ba1 dxc4 16. Bxc4 Nce4 17. Rxd8+ Rxd8 18. Qb2 Bd5 19. Bxd5 Rxd5 20. b4 a5
21. h3 axb4 22. axb4 h6 23. Rc1 Qd7 24. Qc2 Qb7 25. Nd4 Rd8 26. f3 Ng3 27. Kf2
Nfh5 28. Nc6 Rd5 29. e4 Rg5 30. h4 Rg6 31. Qd2 Kh7 32. b5 Qa8 33. Be5 f6 34.
Ra1 Qe8 35. Bd6 e5 36. Ne7 {#} Rg4 (36... Nf4 37. Nxg6 Qxg6 38. Qd1 Nxe4+ 39.
fxe4 Qxg2+ 40. Ke3 Qg3+ 41. Qf3 Ng2+ 42. Ke2 Nf4+ {
et les Blancs ne peuvent échapper à l'échec perpétuel.}) 37. Qd5 Nh1+ 38. Kg1
Nf4 39. Ra8 Rxg2+ 40. Kxh1 Nxd5 41. Rxe8 Nf4 42. Nd5 1-0

[Event "17ème open international de Saint-Affriq"]
[Site "Saint Affrique"]
[Date "2009.07.21"]
[Round "5.4"]
[White "Buscara, Sevan"]
[Black "Karpatchev, Aleksandr"]
[Result "0-1"]
[WhiteElo "2225"]
[BlackElo "2491"]
[Annotator ",Joelle"]
[PlyCount "84"]
[EventDate "2009.??.??"]

1. d4 d5 2. Nf3 Nf6 3. c4 dxc4 4. e3 Bg4 5. Bxc4 e6 6. O-O Nc6 7. h3 Bh5 8.
Nbd2 a6 9. a3 Bd6 10. b4 O-O 11. Bb2 Qe7 12. Be2 Rfd8 13. e4 Bf4 14. e5 Nd7 15.
Qe1 Bxd2 16. Nxd2 Bxe2 17. Qxe2 Nb6 18. Nb3 Na4 19. Rac1 Rd5 20. Ba1 Rad8 {#}
21. Rxc6 bxc6 22. Qxa6 Nb6 23. Na5 Rf8 24. Nxc6 Qd7 25. Rc1 f6 26. Qb7 Qf7 27.
Kh1 Rd7 28. Nb8 Re7 29. Nc6 Ree8 30. exf6 gxf6 31. Na7 Nd5 32. Nb5 Re7 33. Qc6
Qg6 34. Nc3 Nf4 35. Qf3 Rg7 36. Rg1 e5 37. a4 Qd3 38. Qc6 $6 exd4 39. Nd5 Nxg2
40. Ne7+ Kh8 41. Rxg2 Qxh3+ 42. Kg1 Rxe7 0-1

[Event "17ème open international de Saint-Affriq"]
[Site "Saint Affrique"]
[Date "2009.07.21"]
[Round "5.6"]
[White "Mohota, Nisha"]
[Black "David, Vincent"]
[Result "1/2-1/2"]
[WhiteElo "2315"]
[BlackElo "2399"]
[PlyCount "35"]
[EventDate "2009.??.??"]

1. d4 d5 2. c4 dxc4 3. Nf3 e6 4. e3 c5 5. Bxc4 a6 6. O-O Nf6 7. Bb3 Nc6 8. Nc3
cxd4 9. exd4 Be7 10. Bg5 O-O 11. Re1 Nd5 12. Nxd5 Bxg5 13. Nxg5 Qxg5 14. Nb6
Rb8 15. d5 exd5 16. Qxd5 Qf6 17. Qd2 Qd4 18. Qxd4 1/2-1/2

[Event "17ème open international de Saint-Affri"]
[Site "Saint Affrique"]
[Date "2009.07.21"]
[Round "5.7"]
[White "Gozzoli, Yannick"]
[Black "Vnderbeeken, Michael"]
[Result "1-0"]
[WhiteElo "2498"]
[BlackElo "2124"]
[PlyCount "61"]
[EventDate "2009.??.??"]

1. d4 d5 2. Nf3 Nf6 3. c4 dxc4 4. Nc3 Nd5 5. e4 Nb6 6. Bxc4 Nxc4 7. Qa4+ b5 8.
Qxb5+ c6 9. Qxc4 Ba6 10. Qa4 Qb6 11. Qb3 Qc7 12. g3 e6 13. Bf4 Bd6 14. Bxd6
Qxd6 15. e5 Qe7 16. Ne4 O-O 17. Nc5 Rd8 18. Qb4 Qc7 19. Ng5 Bb5 20. a4 a5 21.
Qc3 Ba6 22. f4 Nd7 23. Nxa6 Rxa6 24. Qd3 Qb6 25. Qxh7+ Kf8 26. O-O Qxd4+ 27.
Kg2 Qd2+ 28. Kh3 Ke7 29. Qxg7 Rf8 30. Rfd1 Qb4 31. Nxe6 1-0

[Event "17ème open international de Saint-Affriq"]
[Site "Saint Affrique"]
[Date "2009.07.21"]
[Round "5.8"]
[White "Lagarde, Maxime"]
[Black "Iwanesko, Alexandre"]
[Result "1-0"]
[WhiteElo "2352"]
[BlackElo "2101"]
[PlyCount "83"]
[EventDate "2009.??.??"]

1. e4 c5 2. Nf3 e6 3. d4 cxd4 4. Nxd4 a6 5. Bd3 Bc5 6. Nb3 Be7 7. Nc3 d6 8. Qe2
Qc7 9. Be3 Nf6 10. f4 Nc6 11. O-O b5 12. a4 b4 13. Nb1 Bb7 14. N1d2 a5 15. Kh1
O-O 16. Qf3 Ba6 17. g4 Bb7 18. g5 Nd7 19. Qh3 Rfe8 20. Kg1 Bf8 21. Qh4 g6 22.
Rf3 Bg7 23. Raf1 f5 24. gxf6 Bxf6 25. Qh3 Bxb2 26. Rg3 Nf8 27. Nc4 Bg7 28. f5
exf5 29. exf5 gxf5 30. Rxf5 Ng6 31. Rfg5 Rxe3 32. Nxe3 Nce5 33. Qe6+ Kh8 34.
Rh5 Rf8 {#} 35. Bxg6 h6 36. Be4 Bxe4 37. Rxh6+ Bh7 (37... Bxh6 38. Qxh6+ Qh7
39. Qxf8+ Qg8 40. Qxg8#) 38. Rxh7+ Kxh7 39. Rh3+ Bh6 40. Qxh6+ Kg8 41. Qh8+ Kf7
42. Qh7+ 1-0

[Event "17ème open international de Saint-Affriq"]
[Site "Saint Affrique"]
[Date "2009.07.21"]
[Round "5.9"]
[White "Garrido, Denis"]
[Black "Tasic, Branislav"]
[Result "1-0"]
[WhiteElo "2321"]
[BlackElo "2087"]
[PlyCount "47"]
[EventDate "2009.??.??"]

1. d4 Nf6 2. c4 g6 3. Nc3 Bg7 4. Nf3 O-O 5. Bf4 d6 6. e3 c6 7. h3 a6 8. Be2 b5
9. O-O bxc4 10. Bxc4 Nbd7 11. e4 Nb6 12. Bd3 Nfd7 13. Rc1 c5 14. d5 Nf6 15. Qd2
e5 16. dxe6 Bxe6 17. Rfd1 Ne8 18. Bf1 Nc4 19. Bxc4 Bxc4 20. b3 Bb5 21. e5 Bc6
22. Qe3 Qa5 23. exd6 Nf6 24. Ne5 1-0